Manual para el trabajo social comunitario

Salvato in:
Dettagli Bibliografici
Autori principali: Lillo Herranz, Nieves (autora), Roselló Nadal, Elena (Autore)
Natura: Libro
Lingua:spagnolo
Pubblicazione: Madrid Narcea 2001
Serie:Colección Narcea Sociocultural
Soggetti:
Tags: Aggiungi Tag
Nessun Tag, puoi essere il primo ad aggiungerne!!

MARC

LEADER 00000nam a2200000 a 4500
001 UCM4276
003 CL-VaPUC
008 020809e20010000SP |||||||||||||||||spa|d
082 0 4 |a 361.3  |b LIL  |2 21 
100 |a Lillo Herranz, Nieves  |e autora  |9 470806 
700 0 |a Roselló Nadal, Elena  |e author  |9 470807 
245 1 0 |a Manual para el trabajo social comunitario 
300 |a 205 p 
942 |c BK 
945 |d 20020809 00:00:00  |a vberengu 
260 |a Madrid  |b Narcea  |c 2001 
650 0 |a Trabajo social   |9 307856 
650 0 |a Trabajo comunitario  |9 337627 
650 0 |a Bienestar social   |9 255298 
651 0 |a España  |9 254926 
583 |a last modification  |c 20020809 00:00:00  |k Rodrigo Vera 
490 0 |a Colección Narcea Sociocultural 
999 |c 301065  |d 301063 
952 |0 0  |1 0  |4 0  |6 361_300000000000000_LIL_2001  |7 0  |8 R  |9 359734  |a BIBGIM  |b BIBGIM  |d 2019-11-21  |i 3836355  |o 361.3 LIL 2001  |p 3836355  |r 2025-01-15  |w 2019-11-21  |y BK_R  |k SSL